[Event "BCF-ch Senior"]
[Site "North Shields"]
[Date "2012.07.30"]
[Round "3.8"]
[White "Bryant, Richard BE"]
[Black "Simpson, James"]
[Result "0-1"]
[WhiteElo "1945"]
[BlackElo "2249"]
[PlyCount "120"]
[EventDate "2012.07.28"]
[EventType "swiss"]
[EventRounds "7"]
[EventCountry "ENG"]
[SourceTitle "EXT 2023"]
[Source "ChessBase"]
[SourceDate "2022.10.05"]
[SourceVersion "1"]
[SourceVersionDate "2022.10.05"]
[SourceQuality "1"]

1. e4 c5 2. Nc3 e6 3. f4 d5 4. Nf3 dxe4 5. Nxe4 Nc6 6. g3 Be7 7. Bg2 Nf6 8. d3 0-0 9. 0-0 Qc7 10. Kh1 b6 11. Nfg5 h6 12. Nxf6+ Bxf6 13. Ne4 Be7 14. Be3 f5 15. Nc3 Bb7 16. Nb5 Qd7 17. Na3 Bf6 18. Rb1 Rad8 19. Rf2 Rfe8 20. Nc4 Qc7 21. Qf1 a6 22. c3 Rd7 23. Rd1 Red8 24. Kg1 b5 25. Na3 Na5 26. Bxb7 Nxb7 27. Rfd2 Nd6 28. Qf2 Rc8 29. Qe2 Qb7 30. Qg2 Qxg2+ 31. Kxg2 b4 32. Nb1 bxc3 33. Nxc3 Bxc3 34. bxc3 Rb7 35. Re2 c4 36. dxc4 Ne4 37. Bd4 Rxc4 38. Be5 Kf7 39. Rd8 a5 40. Ra8 Nxc3 41. Bxc3 Rxc3 42. Rxa5 Rbc7 43. Rae5 R7c6 44. Kh3 g5 45. fxg5 hxg5 46. Kg2 R3c4 47. h3 Kf6 48. Rb5 Ra4 49. Kf2 Rca6 50. Rbe5 Ra3 51. R5e3 R3a4 52. Kf3 R4a5 53. Kf2 e5 54. a3 f4 55. gxf4 gxf4 56. Re4 Kf5 57. a4 Rh6 58. Rb4 Rxh3 59. Ree4 Rh2+ 60. Kf3 Rd5 0-1

[Event "ENG-ch Seniors"]
[Site "Dovedale"]
[Date "2008.01.29"]
[Round "2"]
[White "Simpson, James"]
[Black "Cook, Michael P"]
[Result "1/2-1/2"]
[WhiteElo "2270"]
[BlackElo "1968"]
[PlyCount "79"]
[EventDate "2008.01.28"]
[EventType "swiss"]
[EventRounds "5"]
[EventCountry "ENG"]
[SourceTitle "EXT 2009"]
[Source "ChessBase"]
[SourceDate "2008.11.26"]
[SourceVersion "1"]
[SourceVersionDate "2008.11.26"]
[SourceQuality "1"]

1. d4 d5 2. Nf3 c5 3. g3 cxd4 4. Nxd4 e5 5. Nb3 Be6 6. Bg2 Qd7 7. 0-0 Nc6 8. Nc3 Rd8 9. e4 d4 10. Nd5 Nb4 11. Nxb4 Bxb4 12. Bd2 Qe7 13. Qh5 Bd6 14. c3 Bc4 15. Rfd1 dxc3 16. Bxc3 Nf6 17. Qf3 0-0 18. Nd2 Be6 19. h3 Bb4 20. a3 Bxc3 21. Qxc3 Nd7 22. Nf1 Qc5 23. Rac1 Qxc3 24. Rxc3 Rc8 25. Rdc1 Nb6 26. Rc7 Na8 27. R7c5 b6 28. R5c3 Rxc3 29. Rxc3 Rc8 30. Rxc8+ Bxc8 31. Ne3 Nc7 32. Nc4 f6 33. Bf1 Be6 34. f3 Bxc4 35. Bxc4+ Kf8 36. Kf2 Ke7 37. Ke3 Kd6 38. Kd3 a5 39. b4 axb4 40. axb4 1/2-1/2

[Event "Gibraltar Masters"]
[Site "Gibraltar"]
[Date "2007.01.29"]
[Round "6"]
[White "Houska, Jovanka"]
[Black "Simpson, James"]
[Result "1/2-1/2"]
[WhiteElo "2384"]
[BlackElo "2267"]
[PlyCount "80"]
[EventDate "2007.01.23"]
[EventType "swiss"]
[EventRounds "9"]
[EventCountry "ENG"]
[SourceTitle "CBM 116 Extra"]
[Source "ChessBase"]
[SourceDate "2007.03.07"]
[SourceVersion "1"]
[SourceVersionDate "2007.03.07"]
[SourceQuality "1"]

1. e4 c6 2. d4 d5 3. Nc3 dxe4 4. Nxe4 Bf5 5. Ng3 Bg6 6. h4 h6 7. Nf3 Nd7 8. h5 Bh7 9. Bd3 Bxd3 10. Qxd3 e6 11. Bd2 Ngf6 12. 0-0-0 Be7 13. Ne4 Qc7 14. g3 Nxe4 15. Qxe4 0-0-0 16. Kb1 Kb8 17. c4 Ka8 18. Bc3 Bf6 19. Qe3 Qb6 20. Rhe1 Rhe8 21. g4 Qa6 22. Ne5 Nxe5 23. dxe5 Be7 24. Qf4 Rf8 25. Rxd8+ Bxd8 26. Rd1 Bg5 27. Qe4 Qb6 28. f4 Be7 29. Qh7 Qe3 30. Qxg7 Qe4+ 31. Ka1 b6 32. Qxh6 Qc2 33. Rg1 Rd8 34. a3 Bxa3 35. f5 Bc5 36. Re1 Bf2 37. Qg5 Bh4 38. Qxh4 Rd1+ 39. Rxd1 Qxd1+ 40. Ka2 Qa4+ 1/2-1/2

[Event "BCF-ch 89th"]
[Site "Torquay"]
[Date "2002.08.08"]
[Round "10"]
[White "Simpson, James"]
[Black "Tan, Desmond"]
[Result "1/2-1/2"]
[WhiteElo "2245"]
[BlackElo "2292"]
[PlyCount "132"]
[EventDate "2002.07.29"]
[EventType "swiss"]
[EventRounds "11"]
[EventCountry "ENG"]
[SourceTitle "CBM 091"]
[Source "ChessBase"]
[SourceDate "2002.11.12"]
[SourceVersion "1"]
[SourceVersionDate "2002.11.12"]
[SourceQuality "1"]

1. d4 Nf6 2. c4 e6 3. Nc3 Bb4 4. Qc2 d5 5. a3 Bxc3+ 6. bxc3 0-0 7. Nf3 c5 8. cxd5 exd5 9. e3 Nc6 10. Bd3 Re8 11. dxc5 Qa5 12. 0-0 Bg4 13. Nd4 Qxc5 14. Rb1 Na5 15. Nb3 Nxb3 16. Qxb3 b6 17. c4 Be6 18. cxd5 Bxd5 19. Qb5 Qxb5 20. Bxb5 Red8 21. Bb2 Ne4 22. Rfd1 Bb7 23. f3 Nc5 24. e4 Ba6 25. Bxa6 Nxa6 26. Kf2 f6 27. Ke3 Kf7 28. g4 Nc5 29. h4 g6 30. g5 f5 31. exf5 gxf5 32. Kf4 Nd3+ 33. Kxf5 Rd5+ 34. Ke4 Rad8 35. Rf1 Nxb2 36. Rxb2 Rd4+ 37. Ke3 Rd3+ 38. Kf4 R8d4+ 39. Kg3 Rxa3 40. Rc2 Rd7 41. h5 b5 42. Re1 Rad3 43. Re5 b4 44. Rf5+ Kg8 45. Kg4 Rd8 46. Rb5 Rf8 47. f4 Rd4 48. Rf2 a6 49. Rb6 a5 50. Ra6 Rd5 51. f5 b3 52. f6 Rb5 53. f7+ Kh8 54. h6 Rbb8 55. Rb2 Rxf7 56. Rxb3 Rbf8 57. Rxa5 Kg8 58. Rbb5 Rf4+ 59. Kh5 Rf1 60. Rb4 Rh1+ 61. Rh4 Rxh4+ 62. Kxh4 Kh8 63. Kg4 Kg8 64. Rf5 Rxf5 65. Kxf5 Kf7 66. Ke5 Kg8 1/2-1/2

[Event "BCF-ch 89th"]
[Site "Torquay"]
[Date "2002.07.29"]
[Round "1"]
[White "Martyn, Rafe"]
[Black "Simpson, James"]
[Result "0-1"]
[WhiteElo "2201"]
[BlackElo "2245"]
[PlyCount "48"]
[EventDate "2002.07.29"]
[EventType "swiss"]
[EventRounds "11"]
[EventCountry "ENG"]
[SourceTitle "CBM 091"]
[Source "ChessBase"]
[SourceDate "2002.11.12"]
[SourceVersion "1"]
[SourceVersionDate "2002.11.12"]
[SourceQuality "1"]

1. d4 Nf6 2. c4 e6 3. g3 d5 4. Bg2 Nbd7 5. Nf3 c6 6. Qc2 Be7 7. 0-0 Ne4 8. b3 0-0 9. Bb2 a5 10. Ne1 f5 11. Nd3 Ndf6 12. f3 Ng5 13. c5 Bd7 14. Nd2 Qe8 15. a3 Qh5 16. Nf4 Qh6 17. Rae1 Rae8 18. b4 Bd8 19. Nb3 axb4 20. axb4 Bc7 21. Bc1 Nh5 22. h4 Nxf4 23. hxg5 Nh3+ 24. Kh2 Nxg5+ 0-1

[Event "Durham op"]
[Site "Durham"]
[Date "2000.??.??"]
[Round "3"]
[White "Simpson, James"]
[Black "Garnett, John S"]
[Result "1/2-1/2"]
[WhiteElo "2245"]
[BlackElo "2001"]
[PlyCount "148"]
[EventDate "2000.??.??"]
[EventType "swiss"]
[EventRounds "5"]
[EventCountry "ENG"]
[SourceTitle "EXT 2001"]
[Source "ChessBase"]
[SourceDate "2000.11.22"]
[SourceVersion "1"]
[SourceVersionDate "2000.11.22"]
[SourceQuality "1"]

1. d4 Nf6 2. Nf3 g6 3. g3 Bg7 4. Bg2 d6 5. 0-0 0-0 6. Nc3 c5 7. dxc5 dxc5 8. Qxd8 Rxd8 9. Be3 Na6 10. Na4 Bf5 11. Nxc5 Nxc5 12. Bxc5 Bxc2 13. Rac1 Bf5 14. Bxe7 Re8 15. Ba3 Rxe2 16. Nd4 Re5 17. Bxb7 Rae8 18. Nxf5 Rxf5 19. Rfe1 Rb8 20. Bg2 Nd7 21. Bh3 Rd5 22. Rcd1 Rxd1 23. Rxd1 Ne5 24. b3 h5 25. Bc5 a5 26. Bf1 Rc8 27. Rd5 Nc6 28. Be3 Bc3 29. Ba6 Nb4 30. Rd6 Nxa6 31. Rxa6 Bb4 32. h4 Kf8 33. Ra7 Rc2 34. a3 Bxa3 35. Rxa5 Bc1 36. Bc5+ Ke8 37. b4 Bd2 38. Ra7 Rc4 39. Re7+ Kd8 40. Rxf7 Bxb4 41. Bxb4 Rxb4 42. Kg2 Rb6 43. Kf3 Ke8 44. Ra7 Kf8 45. Ke4 Rb5 46. f3 Rc5 47. Rd7 Ra5 48. Rd5 Ra4+ 49. Ke5 Kg7 50. Rd4 Ra3 51. Kf4 Ra5 52. g4 hxg4 53. fxg4 Kf6 54. Rc4 Rb5 55. Rc6+ Kf7 56. Rd6 Ra5 57. Ke4 Ra4+ 58. Rd4 Ra5 59. g5 Rb5 60. Rd5 Rb4+ 61. Ke5 Rxh4 62. Rd7+ Kg8 63. Kf6 Ra4 64. Kxg6 Ra6+ 65. Kh5 Rb6 66. Rc7 Ra6 67. g6 Ra1 68. Rc5 Rh1+ 69. Kg5 Rg1+ 70. Kf6 Rf1+ 71. Rf5 Rxf5+ 72. Kxf5 Kg7 73. Kg5 Kg8 74. Kf6 Kf8 1/2-1/2

[Event "AUS-ch"]
[Site "Gosford"]
[Date "1988.01.09"]
[Round "11.9"]
[White "Levi, Eddy"]
[Black "Simpson, James"]
[Result "1-0"]
[WhiteElo "2136"]
[BlackElo "2288"]
[PlyCount "56"]
[EventDate "1987.??.??"]
[EventType "swiss"]
[EventRounds "13"]
[EventCountry "AUS"]
[SourceTitle "EXT 2003"]
[Source "ChessBase"]
[SourceDate "2002.11.25"]
[SourceVersion "1"]
[SourceVersionDate "2002.11.25"]
[SourceQuality "1"]

1. e4 c5 2. Nf3 e6 3. c3 Nf6 4. e5 Nd5 5. d4 cxd4 6. cxd4 Be7 7. Nc3 Nxc3 8. bxc3 d5 9. exd6 Qxd6 10. Bd3 Nc6 11. 0-0 0-0 12. Re1 b6 13. Ng5 h6 14. Qh5 Bxg5 15. Bxg5 Qd5 16. h4 Bd7 17. Re3 Be8 18. Be4 Qa5 19. Bxc6 Bxc6 20. Re5 Qxc3 21. Rc1 Qxd4 22. Be3 Qd6 23. Bxh6 gxh6 24. Rxc6 Qd4 25. Rcxe6 Rfc8 26. Qxh6 fxe6 27. Qg6+ Kf8 28. Qf6+ Ke8 1-0